Statistics for Languages of Slovenia Quiz (with map)

Click here to take the quiz!

General Stats

  • This quiz has been taken 1,075 times
    (1,058 since last reset)
  • The average score is 4 of 5

Answers on the Map

Answers color-coded by a green-red scale on the quiz's map according to % correct below.
 

Answer Stats

Answer% Correct
Slovene
100%
Italian (Venetian)
97%
Croatian (Eastern Herzegovinian)
95%
Hungarian
93%
Gottscheerish
29%

Score Distribution

Percentile by Number Answered

Percent of People with Each Score

Your Score History

You have not taken this quiz since the last reset